000 00425nam a2200145Ia 4500
003 OSt
005 20260120144138.0
008 211028s2014 xx 000 0 und d
040 _cAIMIT LIBRARY
041 _aeng
100 _aMascarenhas, Myron Clive; Suresh, Rajani.
_g1216074
_97188
245 _aStudy on the total customer experience at mandovi motors /
260 _aMangalore
_bRajani Suresh
_c2014
942 _2ddc
_cPRO
999 _c218758
_d218758